Normal view
MARC view
- Other Subject
Entry Topical Term
001 - CONTROL NUMBER
- control field: 7124
003 - CONTROL NUMBER IDENTIFIER
- control field: OSt
005 - DATE AND TIME OF LATEST TRANSACTION
- control field: 20220708093601.0
008 - FIXED-LENGTH DATA ELEMENTS
- fixed length control field: 220708|| aca||aabn | a|a d
040 ## - CATALOGING SOURCE
- Original cataloging agency: OSt
- Transcribing agency: OSt
150 ## - HEADING--TOPICAL TERM
- Topical term or geographic name entry element: Other Subject
670 ## - SOURCE DATA FOUND
- Source citation: Work cat.: (OSt)7197: Dines Jess E. 7123, Choose the Right Mate,Lover or Friend Through Handwriting, 1998